| 000 | 004880000a22001810004500 | ||
|---|---|---|---|
| 020 | _a0-687-42320-1 | ||
| 041 | 0 | _aENG | |
| 082 | 0 | 4 | _aG 262.001 W371t |
| 100 | 1 | _aWebber, George W. | |
| 245 | 1 | 0 | _aToday's church : A community of exiles and pilgrims / George W. Webber |
| 260 | _aNashville, TN., USA : Abingdon | ||
| 300 | _a160 Pag | ||
| 001 | 7032 | ||
| 942 | _cBK | ||
| 999 |
_c37268 _d37268 |
||
| 336 |
_atexto _btxt _2rdacontent |
||
| 337 |
_2rdamedia _asin mediación _bn |
||
| 338 |
_2rdacarrier _avolumen _bnc |
||